| 000 | 00617nam a22002417a 4500 | ||
|---|---|---|---|
| 003 | UA-OsUOA | ||
| 001 | 87628 | ||
| 007 | ta | ||
| 008 | 20120920b un ||||| |||| 00| 0 ukr d | ||
| 100 | _aВоронько П. | ||
| 090 |
_a821.161.2 _bВ75 |
||
| 942 | _cBK | ||
| 040 |
_aUA-OsUOA _bukr _cUA-OsUOA _dUA-OsUOA |
||
| 245 |
_aПодорожник _bпоезії |
||
| 300 | _a196 с. | ||
| 955 | _a3 | ||
| 041 | _aukr | ||
| 080 | _a821.161.2 | ||
| 020 | _a5-308-01636-4 | ||
| 260 |
_aК. _bДніпро _c1995 |
||
| 650 | 7 |
_a82 Література. Літературознавство _2UDC |
|
| 999 |
_c373899 _d373899 |
||